000 00294nam a2200109Ia 4500
008 200302s9999 xx 000 0 und d
100 _aJulian Weyer and Others
245 _aIndustrial building planning and design
260 _bDesign Media Publishing (UK) Ltd.,
260 _c2013
300 _a251
999 _c7397
_d7397